| 000 | 00405nam a22001577a 4500 | ||
|---|---|---|---|
| 003 | OSt | ||
| 008 | 250328b |||||||| |||| 00| 0 eng d | ||
| 020 | _a9788122433517 | ||
| 082 |
_a624.1501 _bVEN/GE |
||
| 100 |
_aVenkatramaiah,C _9479 |
||
| 245 | _aGeotechnical Engineering | ||
| 250 | _a4 rev | ||
| 260 |
_aNew Delhi _bNew Age International (P)Limited, Publishers _c2012 |
||
| 300 | _a956 | ||
| 942 | _cBK | ||
| 999 |
_c14338 _d14338 |
||